Время ночь: повесть

Бібліографічні деталі
Автор: Петрушевская Л. С. Людмила Стефановна
Резюме:Повесть о трудной и печальной судьбе женщины.
Мова:Російська
Опубліковано: Москва, Вагриус, 2001
Предмети:
Формат: MixedMaterials Книга
KOHA link:https://koha.lib.tpu.ru/cgi-bin/koha/opac-detail.pl?biblionumber=45564

MARC

LEADER 00000nam0a2200000 4500
001 45564
005 20231101210948.0
010 |a 5264006806 
035 |a (RuTPU)RU\TPU\book\47460 
090 |a 45564 
100 |a 20021211d2001 m y0rusy50 ca 
101 0 |a rus 
102 |a RU 
105 |a y z 000ay 
200 1 |a Время ночь  |e повесть  |f Л. С. Петрушевская 
210 |a Москва  |c Вагриус  |d 2001 
215 |a 175 с. 
330 |a Повесть о трудной и печальной судьбе женщины. 
610 1 |a повести 
675 |a Р2  |v 3 
700 1 |a Петрушевская  |b Л. С.  |c русская писательница  |f 1938-  |g Людмила Стефановна  |2 stltpush  |3 (RuTPU)RU\TPU\pers\15448  |9 5360 
801 1 |a RU  |b 63413507  |c 20021211  |g PSBO 
801 2 |a RU  |b 63413507  |c 20180426  |g PSBO 
942 |c BK